Personnel management selection and placement of personnel (Record no. 12226)
[ view plain ]
| 000 -LEADER | |
|---|---|
| fixed length control field | 00490nam a22001457a 4500 |
| 008 - FIXED-LENGTH DATA ELEMENTS--GENERAL INFORMATION | |
| fixed length control field | 230322b |||||||| |||| 00| 0 eng d |
| 040 ## - CATALOGING SOURCE | |
| Original cataloging agency | National Science Library |
| Transcribing agency | National Science Library |
| 080 ## - UNIVERSAL DECIMAL CLASSIFICATION NUMBER | |
| Universal Decimal Classification number | 658.3 |
| 245 ## - TITLE STATEMENT | |
| Title | Personnel management selection and placement of personnel |
| Statement of responsibility, etc. | / International Cooperation Administration |
| 260 ## - PUBLICATION, DISTRIBUTION, ETC. | |
| Place of publication, distribution, etc. | Washington D C: |
| Name of publisher, distributor, etc. | International Cooperation Administration, |
| 300 ## - PHYSICAL DESCRIPTION | |
| Extent | 98p. |
| 650 ## - SUBJECT ADDED ENTRY--TOPICAL TERM | |
| Topical term or geographic name entry element | Management |
| 653 ## - INDEX TERM--UNCONTROLLED | |
| Uncontrolled term | Committee |
| 942 ## - ADDED ENTRY ELEMENTS (KOHA) | |
| Source of classification or shelving scheme | Universal Decimal Classification |
| Koha item type | Proceedings |
| Withdrawn status | Lost status | Source of classification or shelving scheme | Damaged status | Not for loan | Home library | Current library | Shelving location | Date acquired | Total Checkouts | Full call number | Barcode | Date last seen | Price effective from | Koha item type |
|---|---|---|---|---|---|---|---|---|---|---|---|---|---|---|
| Universal Decimal Classification | National Science Library | National Science Library | GF/Rk-19/C-3/R-2 | 23/07/2004 | 658.3 | 192303 | 22/03/2023 | 22/03/2023 | Proceedings |